| 000 | 00585nam a2200193 a 4500 | ||
|---|---|---|---|
| 005 | 20210223122014.0 | ||
| 008 | 991125c1997 mx 000 0 spa u | ||
| 020 | _a9688135089 | ||
| 035 | _aUPN01000027703 | ||
| 049 | _aCG | ||
| 050 | 4 |
_aHD5707.5 _bR8.3 |
|
| 100 | 1 | _aRuiz Hernández, Diego Rafael | |
| 245 | 1 | 0 |
_aHistéresis y el problema del desempleo en México : _bun estudio aplicado / _cDiego Rafael Ruiz Hernández. |
| 260 |
_aMéxico : _bSTPS, _cc1997. |
||
| 300 | _a62 p. | ||
| 440 | 0 |
_aCuaderno del trabajo ; _v14 |
|
| 650 | 4 |
_aDESEMPLEO - _zMEXICO _910035 |
|
| 905 | _aLibro | ||
| 999 |
_c27703 _d27703 |
||